00362 a2200121 4500003000500000005001700005040000900022082000800031245006900039260003200108650007700140651002300217Nust20170207155605.0 cNust a799 aRank Maj Naveed Iqbal in Comdt Office (Photograph 2013 Softcopy) aRawalpindibMCSc18-07-2013 aRank Maj Naveed Iqbal in Comdt Office Photograph 2013 (CD-No-23,Vol-III) aSweet Memories-MCS